Dimensions of personality/ (Record no. 28418)

000 -LEADER
fixed length control field 00409nam a2200169Ia 4500
005 - DATE AND TIME OF LATEST TRANSACTION
control field 20240124130141.0
008 - FIXED-LENGTH DATA ELEMENTS--GENERAL INFORMATION
fixed length control field 190923s9999||||xx |||||||||||||| ||eng||
041 ## - LANGUAGE CODE
Language code of text/sound track or separate title eng
082 ## - DEWEY DECIMAL CLASSIFICATION NUMBER
Classification number 137 EYS-D
100 ## - MAIN ENTRY--AUTHOR NAME
Personal name Eysenck, H J
245 #0 - TITLE STATEMENT
Title Dimensions of personality/
Statement of responsibility, etc H J Eysenck
260 ## - PUBLICATION, DISTRIBUTION, ETC. (IMPRINT)
Place of publication London:
Name of publisher Routledge,
Year of publication 1966
300 ## - PHYSICAL DESCRIPTION
Number of Pages 308p.
650 ## - SUBJECT ADDED ENTRY--TOPICAL TERM
Topical Term Psychology
650 ## - SUBJECT ADDED ENTRY--TOPICAL TERM
Topical Term Personality
942 ## - ADDED ENTRY ELEMENTS (KOHA)
Koha item type Books
Holdings
Lost status Damaged status Not for loan Collection code Permanent Location Current Location Shelving location Cost, normal purchase price Full call number Accession Number Koha item type
        RIE AJMER LIBRARY RIE AJMER LIBRARY General Stacks 44.40 137 EYS-D 39074 Books

Powered by Koha